| 000 | 00585nam a2200193Ia 4500 | ||
|---|---|---|---|
| 005 | 20260601193248.0 | ||
| 008 | 260601s9999||||xx |||||||||||||| ||und|| | ||
| 020 |
_a978-981-97-5131-0 _qebk |
||
| 100 | _aWei Peng | ||
| 245 | 0 | _aBioinformatics Research and Applications | |
| 250 | _a2024 | ||
| 260 |
_aHeidelberg, Germany _bSpringer Nature _c2024 |
||
| 440 | _aLecture Notes in Computer Science | ||
| 650 | _aComputer Science | ||
| 700 | _aPavel Skums | ||
| 700 | _aZhipeng Cai | ||
| 856 | _uhttps://link.springer.com/openurl?genre=book&isbn=978-981-97-5131-0 | ||
| 942 |
_cEB _2ddc |
||
| 999 |
_c56641 _d56641 |
||